Biblioteca

Racionalismo crítico (Registro nro. 69199)

Detalles MARC
000 -LÍDER
Campo fijo de descripción fija 01579aam a2200373 i 4500
001 - NÚMERO DE CONTROL
Campo de control 768714001
003 - IDENTIFICADOR DEL NÚMERO DE CONTROL
Campo de control CO-MdFUSB
005 - FECHA Y HORA DE LA ULTIMA TRANSACCIÓN
control field 20240209143315.0
007 - CAMPO FIJO DE DESCRIPCIÓN FIJA--INFORMACIÓN GENERAL
Campo fijo de descripción fija ta
008 - ELEMENTOS DE LONGITUD FIJA -- INFORMACIÓN GENERAL
Campo fijo de descripción fija -- Información general 231023t20002000spa||||g |||| 00| 0 spa d
020 ## - NÚMERO INTERNACIONAL NORMALIZADO PARA LIBROS
Número Internacional Normalizado del libro 847738956X
040 ## - FUENTE DE CATALOGACIÓN
Agencia de catalogación original CO-MdFUSB
Idioma de catalogación spa
Agencia que realiza la transcripción CO-MdFUSB
Agencia que realiza la modificación CO-MdFUSBC
Convenciones de la descripción rda
041 ## - CÓDIGO DE IDIOMA
Código de idioma para texto/pista de sonido o título separado spa
Código de idioma original eng
082 ## - NÚMERO DE CLASIFICACIÓN DECIMAL DEWEY
Número de la edición del Dewey 23
Número de clasificación 149.7
Clave de autor-Numero de item AL333
100 ## - ASIENTO PRINCIPAL--NOMBRE PERSONAL
Nombre personal Albert, Hans,
Término relacionador autor
240 ## - TITULO UNIFORME
Título uniforme <a href="Kritisher rationalismus">Kritisher rationalismus</a>
245 1# - TÍTULO
Título del Material Racionalismo crítico
Parte restante del título - Subtitulo : cuatro capítulos para una sátira del pensamiento ilusorio
Mención de responsabilidad, etc. / Hans Albert ; traducido por Berta Pérez ; prologo Ángeles J. Perona
264 ## - PRODUCCIÓN, PUBLICACIÓN, DISTRIBUCIÓN, MANUFACTURA, Y COPYRIGHT
Lugar de producción, publicación, distribución, manufactura Madrid, España :
Nombre del productor, publicador, distribuidor Síntesis, S.A,
Fecha de producción, publicación, distribución, manufactura, o copyright [2000]
264 ## - PRODUCCIÓN, PUBLICACIÓN, DISTRIBUCIÓN, MANUFACTURA, Y COPYRIGHT
Fecha de producción, publicación, distribución, manufactura, o copyright ©2000
300 ## - DESCRIPCIÓN FÍSICA
Extensión 238 páginas
Dimensiones ; 24 cm
336 ## - TIPO DE CONTENIDO
Fuente rdacontent
Término de tipo de contenido texto
Código de tipo de contenido txt
337 ## - TIPO DE MEDIO
Fuente rdamedia
Nombre del tipo de medio sin mediación
Código del tipo de medio n
338 ## - TIPO DE SOPORTE
Fuente rdacarrier
Nombre del tipo de soporte volumen
Código Tipo de soporte nc
490 ## - MENCIÓN DE SERIE
Mención de serie Colección perspectivas
504 ## - NOTA DE BIBLIOGRAFÍA, ETC.
Nota de bibliografía, etc Incluye índice
505 ## - NOTA DE CONTENIDO
Nota de contenido con formato preestablecido Conocimiento, verdad y realidad. Para la crítica del pensamiento clásico y del pragmatismo -- Juicio de valor, derecho y orden social. Para la crítica del normativismo y de la pura jurisprudencia -- Sentido, comprensión e historia. Para la crítica de historicismo y la hermenéutica -- Saber, fe y certeza de salvación. Para la crítica de la religión y la concepción religiosa del mundo.<br/>
563 ## - NOTA DE ENCUADERNACIÓN
Nota de encuadernación Rústico.
653 ## - TÉRMINO DE INDIZACIÓN - NO CONTROLADO
Término no controlado Racionalismo
700 ## - ASIENTO SECUNDARIO - NOMBRE PERSONAL
9 (RLIN) 8808
Nombre personal Albert, Hans,
Responsabilidad autor
700 ## - ASIENTO SECUNDARIO - NOMBRE PERSONAL
9 (RLIN) 8812
Nombre personal Pérez, Berta,
Responsabilidad traductor
700 ## - ASIENTO SECUNDARIO - NOMBRE PERSONAL
9 (RLIN) 8811
Nombre personal Perona, Ángeles J.
Responsabilidad prologuista
942 ## - TIPO DE MATERIAL (KOHA)
Tipo de Item KOHA Libros General
945 ## - INFORMACIÓN LOCAL DEL REGISTRO
Catalogador sor1564
Existencias
Estado de Material Estado de Perdido Forma de Clasificación Estado de Dañado No para Préstamo Colección Biblioteca de Origen Biblioteca Permanente Fecha de Adquisición Área Total de Préstamos Signatura Topográfica Código de Barras Última vez visto Ejemplar/Existencia Fecha de Remplazo Tipo de Material
    Dewey Decimal Classification     Colección General Biblioteca FUSBC Biblioteca FUSBC 23/10/2023 FILOSOFIA   G 149.7 AL333r 22404 23/10/2023 Ej. 1 23/10/2023 Libros General

Biblioteca FUSBC | Teléfono: (57+4) 349 88 10 Ext. 141| WhatsApp (+57) 3005338115 
E-mail: biblioteca@unisbc.edu.co | Calle 76 87-14 Robledo Palenque, Medellín, Colombia

Con tecnología Koha